Padre Pio Da Pietralcina Vol. 2

সংরক্ষণ করুন:
গ্রন্থ-পঞ্জীর বিবরন
প্রধান লেখক: Alessandro da Ripabottoni
বিন্যাস: গ্রন্থ
ভাষা:অজানা বা ভুল ভাষা
প্রকাশিত: Edisud-Bari
ট্যাগগুলো: ট্যাগ যুক্ত করুন
কোনো ট্যাগ নেই, প্রথমজন হিসাবে ট্যাগ করুন!

MARC

LEADER 00000nam a2200000Ia 4500
001 R-2
003 CODICE-MESSINA
005 20260212102445.0
008 260211s9999 xx 000 0 und d
040 |c importazione_messina 
100 |a Alessandro da Ripabottoni 
245 0 |a Padre Pio Da Pietralcina Vol. 2 
260 |b Edisud-Bari 
942 |2 ddc  |c BK 
952 |0 0  |1 0  |2 ddc  |4 0  |6 SCAFFALE_1_000000000000000__RELIGIONE  |7 0  |9 30813  |a ME  |b ME  |d 2026-02-11  |l 0  |o SCAFFALE 1 - RELIGIONE  |p R-2  |r 2026-02-11 23:52:09  |w 2026-02-11  |x [REVISIONARE]  |y BK 
999 |c 26480  |d 26480